000 00490nam a2200181Ia 4500
008 220531s9999 xx 000 0 und d
041 _amar
082 _bNAL
100 _aनलावडे सं. आणि नलावडे इ.
_941749
245 _aसोपे सामान्‍यज्ञान
250 _a1ST
260 _bDastane
_c1997
300 _a92
542 _d30-01-2000
650 _aGeneral
_941750
906 _d1999-2000
_f2409
999 _c24959
_d24959